[Event "ROM-chT2"]
[Site "Baile Tusnad"]
[Date "2000.??.??"]
[Round "?"]
[White "Urzica, Aurel"]
[Black "Glodeanu, Ion"]
[Result "0-1"]
[WhiteElo "2428"]
[BlackElo "2311"]
[PlyCount "64"]
[EventDate "2000.??.??"]
[EventType "team"]
[EventRounds "9"]
[EventCountry "ROU"]
[SourceTitle "EXT 2001"]
[Source "ChessBase"]
[SourceDate "2000.11.22"]
[SourceVersion "1"]
[SourceVersionDate "2000.11.22"]
[SourceQuality "1"]

1. d4 d5 2. c4 e6 3. Nc3 c5 4. cxd5 exd5 5. Nf3 Nc6 6. g3 Nf6 7. Bg2 Be7 8. 0-0 0-0 9. Bg5 cxd4 10. Nxd4 h6 11. Bf4 Bg4 12. h3 Bh5 13. Nf5 Bg6 14. g4 Bxf5 15. gxf5 d4 16. Nb5 Qd7 17. e4 dxe3 18. Qxd7 exf2+ 19. Rxf2 Nxd7 20. Re2 Bc5+ 21. Kf1 Nf6 22. Rc1 Bb6 23. Nd6 Nb4 24. Rc4 Nbd5 25. Bd2 Rad8 26. Nxb7 Rd7 27. Nc5 Rc7 28. b4 Rfc8 29. Re5 Re7 30. Rxd5 Nxd5 31. Bxd5 Rd8 32. Rd4 Re5 0-1

[Event "ROM-chT"]
[Site "Sovata"]
[Date "1999.04.16"]
[Round "2"]
[White "Sanduleac, Vasile"]
[Black "Urzica, Aurel"]
[Result "1-0"]
[WhiteElo "2443"]
[BlackElo "2434"]
[PlyCount "101"]
[EventDate "1999.04.16"]
[EventType "team"]
[EventRounds "5"]
[EventCountry "ROU"]
[SourceTitle "EXT 2000"]
[Source "ChessBase"]
[SourceDate "1999.11.16"]
[SourceVersion "1"]
[SourceVersionDate "1999.11.16"]
[SourceQuality "1"]

1. g3 e5 2. Bg2 d5 3. d3 c6 4. Nf3 Bd6 5. 0-0 Nf6 6. Nbd2 0-0 7. e4 Bg4 8. h3 Bh5 9. b3 Nbd7 10. Bb2 Re8 11. Qe1 Qc7 12. Nh4 Rad8 13. Nf5 Bc5 14. Kh1 Bg6 15. Nh4 dxe4 16. Nxg6 hxg6 17. Nxe4 Nxe4 18. dxe4 Nf8 19. Qe2 Ne6 20. Rad1 b5 21. c3 a5 22. h4 Rxd1 23. Rxd1 Rd8 24. Rxd8+ Qxd8 25. Bh3 Qd6 26. Kg2 Bb6 27. Bc1 Kf8 28. h5 gxh5 29. Qxh5 Kg8 30. Qe2 Bc5 31. a4 b4 32. cxb4 Bxb4 33. Bxe6 Qxe6 34. Qd3 Kh7 35. Be3 f6 36. f3 Kg8 37. g4 Kh7 38. Kf1 Kg6 39. Ke2 Kh7 40. Kf2 Kg6 41. Qd1 Kf7 42. Qd3 Kg6 43. Ke2 Kf7 44. Kd1 Ke7 45. Kc2 Qg8 46. Qa6 Kd6 47. Qe2 Ke7 48. Qh2 c5 49. Qe2 Qh8 50. Qc4 Kd6 51. Bxc5+ 1-0

[Event "ROM-chT2"]
[Site "Sovata"]
[Date "1997.??.??"]
[Round "4"]
[White "Urzica, Aurel"]
[Black "Florean, Andrei"]
[Result "1/2-1/2"]
[WhiteElo "2420"]
[BlackElo "2445"]
[PlyCount "52"]
[EventDate "1997.10.??"]
[EventType "team-tourn"]
[EventRounds "7"]
[EventCountry "ROU"]
[SourceTitle "EXT 2000"]
[Source "ChessBase"]
[SourceDate "1999.11.16"]
[SourceVersion "1"]
[SourceVersionDate "1999.11.16"]
[SourceQuality "1"]

1. d4 Nf6 2. Nf3 g6 3. c4 c5 4. Nc3 cxd4 5. Nxd4 Bg7 6. e4 d6 7. Be2 0-0 8. 0-0 Nc6 9. Be3 Bd7 10. Qd2 a6 11. f3 Rc8 12. Rfd1 Ne5 13. b3 Re8 14. Nd5 Nc6 15. Nc2 Nxd5 16. cxd5 Nb4 17. Qxb4 Rxc2 18. Bd3 Rc3 19. Bb6 Qc8 20. Bd4 Bxd4+ 21. Qxd4 Qc5 22. Qxc5 Rxc5 23. Rac1 Rec8 24. Rxc5 Rxc5 25. Kf2 f5 26. Kg3 fxe4 1/2-1/2

[Event "ROM-chT2"]
[Site "Sovata"]
[Date "1997.??.??"]
[Round "?"]
[White "Urzica, Aurel"]
[Black "Slovineanu, Viacheslav"]
[Result "1/2-1/2"]
[WhiteElo "2420"]
[BlackElo "2395"]
[PlyCount "56"]
[EventDate "1997.10.??"]
[EventType "team-tourn"]
[EventRounds "7"]
[EventCountry "ROU"]
[SourceTitle "EXT 2000"]
[Source "ChessBase"]
[SourceDate "1999.11.16"]
[SourceVersion "1"]
[SourceVersionDate "1999.11.16"]
[SourceQuality "1"]

1. e4 e5 2. Nf3 Nf6 3. Nc3 Bb4 4. Nxe5 0-0 5. Nd3 Bxc3 6. dxc3 Nxe4 7. Be3 d5 8. Be2 c6 9. 0-0 Nd7 10. a4 Re8 11. Nf4 Ndf6 12. a5 Bf5 13. Re1 Qc7 14. Bf3 Nd6 15. b3 h6 16. Ne2 Be4 17. Ng3 Bg6 18. Qd4 Nde4 19. Nxe4 Nxe4 20. a6 b6 21. c4 Rad8 22. cxd5 cxd5 23. Rac1 Nc5 24. Red1 Ne6 25. Qa4 d4 26. Bxd4 Nxd4 27. Rxd4 Qxc2 28. Ra1 Qc3 1/2-1/2

[Event "Bucharest1"]
[Site "Bucharest"]
[Date "1995.??.??"]
[Round "?"]
[White "Dumitrescu, Dragos"]
[Black "Urzica, Aurel"]
[Result "1/2-1/2"]
[WhiteElo "2325"]
[BlackElo "2390"]
[PlyCount "23"]
[EventDate "1995.??.??"]
[EventType "tourn"]
[EventRounds "13"]
[EventCountry "ROU"]
[EventCategory "4"]
[SourceTitle "EXT 2006"]
[Source "ChessBase"]
[SourceDate "2005.11.24"]
[SourceVersion "1"]
[SourceVersionDate "2005.11.24"]
[SourceQuality "1"]

1. d4 e6 2. e4 d5 3. Nc3 Nf6 4. e5 Nfd7 5. Nf3 c5 6. dxc5 Nc6 7. Bf4 Bxc5 8. Bd3 f6 9. exf6 Nxf6 10. 0-0 0-0 11. Ne5 Bd6 12. Qe2 1/2-1/2

[Event "Bucharest1"]
[Site "Bucharest"]
[Date "1995.??.??"]
[Round "?"]
[White "Hristodorescu, Daniel"]
[Black "Urzica, Aurel"]
[Result "0-1"]
[WhiteElo "2245"]
[BlackElo "2325"]
[PlyCount "60"]
[EventDate "1995.??.??"]
[EventType "tourn"]
[EventRounds "13"]
[EventCountry "ROU"]
[EventCategory "4"]
[SourceTitle "EXT 2006"]
[Source "ChessBase"]
[SourceDate "2005.11.24"]
[SourceVersion "1"]
[SourceVersionDate "2005.11.24"]
[SourceQuality "1"]

1. e4 e5 2. Nf3 Nc6 3. Bb5 g6 4. 0-0 Bg7 5. c3 a6 6. Bxc6 dxc6 7. d4 exd4 8. Nxd4 Ne7 9. Nb3 Qxd1 10. Rxd1 f5 11. Bf4 fxe4 12. Bxc7 Nd5 13. Bd6 Bg4 14. Re1 0-0-0 15. Bg3 Rhe8 16. Na3 g5 17. Nc4 Nf4 18. Nc5 b5 19. Ne3 Bh5 20. Nf5 Bf8 21. Nxe4 Bg6 22. Bxf4 gxf4 23. g4 fxg3 24. Nfxg3 h5 25. Nf6 Re7 26. Nfxh5 Rd2 27. Nf4 Bh7 28. Rxe7 Bxe7 29. h4 Bf6 30. Rc1 Kb7 0-1

[Event "Bucharest1"]
[Site "Bucharest"]
[Date "1995.??.??"]
[Round "?"]
[White "Musat, Adrian"]
[Black "Urzica, Aurel"]
[Result "1/2-1/2"]
[WhiteElo "2380"]
[BlackElo "2390"]
[PlyCount "20"]
[EventDate "1995.??.??"]
[EventType "tourn"]
[EventRounds "13"]
[EventCountry "ROU"]
[EventCategory "4"]
[SourceTitle "EXT 2006"]
[Source "ChessBase"]
[SourceDate "2005.11.24"]
[SourceVersion "1"]
[SourceVersionDate "2005.11.24"]
[SourceQuality "1"]

1. Nf3 Nf6 2. c4 c5 3. Nc3 e6 4. g3 Nc6 5. Bg2 d5 6. cxd5 exd5 7. d4 Be7 8. 0-0 0-0 9. dxc5 Bxc5 10. b3 Re8 1/2-1/2

[Event "Bucharest1"]
[Site "Bucharest"]
[Date "1995.??.??"]
[Round "?"]
[White "Sanduleac, Vasile"]
[Black "Urzica, Aurel"]
[Result "1-0"]
[WhiteElo "2400"]
[BlackElo "2390"]
[PlyCount "63"]
[EventDate "1995.??.??"]
[EventType "tourn"]
[EventRounds "13"]
[EventCountry "ROU"]
[EventCategory "4"]
[SourceTitle "EXT 2006"]
[Source "ChessBase"]
[SourceDate "2005.11.24"]
[SourceVersion "1"]
[SourceVersionDate "2005.11.24"]
[SourceQuality "1"]

1. e4 e5 2. Nf3 Nf6 3. d4 Nxe4 4. Bd3 d5 5. Nxe5 Nd7 6. Nc3 Nxe5 7. dxe5 Nxc3 8. bxc3 Qh4 9. 0-0 Bc5 10. Bb5+ c6 11. Qxd5 0-0 12. Qxc5 cxb5 13. Qxb5 Bf5 14. Ba3 Rfc8 15. Qxb7 a5 16. Qf3 Be6 17. Bc5 Qa4 18. Bd4 Rab8 19. Qe4 Rxc3 20. f4 Rd8 21. Rad1 Bd5 22. Qf5 Rxc2 23. Bf2 h6 24. a3 Qc6 25. Qg4 Rb8 26. f5 Rc4 27. Rd4 Rb2 28. e6 fxe6 29. f6 Qc7 30. Rxc4 Bxc4 31. Rc1 Be2 32. Qxe6+ 1-0

[Event "Bucharest-B"]
[Site "Bucharest"]
[Date "1994.??.??"]
[Round "?"]
[White "Urzica, Aurel"]
[Black "Bets, Anatolij"]
[Result "1-0"]
[WhiteElo "2375"]
[BlackElo "2405"]
[PlyCount "181"]
[EventDate "1994.??.??"]
[EventType "tourn"]
[EventRounds "15"]
[EventCountry "ROU"]
[EventCategory "4"]
[SourceTitle "EXT 1997"]
[Source "ChessBase"]
[SourceDate "1996.11.15"]
[SourceVersion "1"]
[SourceVersionDate "1996.11.15"]
[SourceQuality "1"]

1. e4 c5 2. Nf3 Nc6 3. Bb5 Na5 4. c3 a6 5. Ba4 b5 6. Bc2 Bb7 7. 0-0 g6 8. d4 cxd4 9. cxd4 Nf6 10. Re1 Bg7 11. b3 0-0 12. Bb2 Nc6 13. Nbd2 Nb4 14. Bb1 d5 15. e5 Nh5 16. a3 Nc6 17. Ng5 Nf4 18. Qg4 Bh6 19. Qh4 Bxg5 20. Qxg5 Ne6 21. Qe3 Qb6 22. Nf3 f5 23. b4 a5 24. Ba2 Rfd8 25. Qd2 Nf8 26. Bb3 e6 27. Rac1 axb4 28. axb4 Rdc8 29. h4 Qd8 30. Bc3 Ra3 31. Qb2 Rca8 32. Ra1 Rxa1 33. Rxa1 Rxa1+ 34. Qxa1 Qe7 35. Qf1 Ba6 36. Qa1 Bb7 37. Bd1 Qc7 38. Be2 Qb6 39. Qc1 Ba6 40. h5 Qd8 41. hxg6 hxg6 42. Bd2 Qb6 43. Qc3 Bc8 44. Qe3 Bd7 45. Qf4 Qa6 46. Qh4 Nh7 47. Kh2 Be8 48. g3 Qb7 49. Kg2 Qb6 50. Bc3 Qb7 51. Qh6 Nb8 52. Nd2 Qc6 53. Qe3 Nd7 54. Kh2 Nb6 55. Nb3 Nc4 56. Qc1 Qc8 57. Nc5 Nf8 58. Qg5 Qc6 59. Qd8 Kf7 60. Qb8 Qb6 61. Qa8 Qc7 62. Bxc4 bxc4 63. Nb7 Kg8 64. Nd6 Bc6 65. Qa6 g5 66. b5 Qh7+ 67. Kg2 Bd7 68. Qa8 f4 69. Qd8 Qh5 70. Qf6 Nh7 71. Qd8+ Nf8 72. Qf6 Kh7 73. Qd8 Kg8 74. Be1 c3 75. Bxc3 fxg3 76. Kxg3 Qh4+ 77. Kg2 Qg4+ 78. Kf1 Qd1+ 79. Be1 Bxb5+ 80. Nxb5 Qd3+ 81. Kg1 Qxb5 82. Qxg5+ Kh7 83. Qe7+ Kg8 84. Bb4 Nh7 85. Qxe6+ Kg7 86. Qg4+ Kh8 87. Be7 Qc6 88. e6 Qc1+ 89. Kg2 Qe1 90. Bd6 Nf6 91. Be5 1-0

[Event "Bucharest-B"]
[Site "Bucharest"]
[Date "1994.??.??"]
[Round "?"]
[White "Urzica, Aurel"]
[Black "Munteanu, Alexandru"]
[Result "1-0"]
[WhiteElo "2375"]
[BlackElo "2325"]
[PlyCount "95"]
[EventDate "1994.??.??"]
[EventType "tourn"]
[EventRounds "15"]
[EventCountry "ROU"]
[EventCategory "4"]
[SourceTitle "EXT 1997"]
[Source "ChessBase"]
[SourceDate "1996.11.15"]
[SourceVersion "1"]
[SourceVersionDate "1996.11.15"]
[SourceQuality "1"]

1. Nf3 Nf6 2. c4 g6 3. Nc3 Bg7 4. d4 0-0 5. e4 d6 6. h3 e5 7. dxe5 dxe5 8. Qxd8 Rxd8 9. Bg5 Na6 10. Nd5 Rd6 11. Nd2 c6 12. Ne7+ Kh8 13. Nxc8 Rxc8 14. 0-0-0 Nc5 15. f3 Ne6 16. Be3 c5 17. Nb1 Rxd1+ 18. Kxd1 Rd8+ 19. Kc1 Nh5 20. Nc3 Ng3 21. Rg1 f5 22. exf5 Nxf5 23. Bd2 Rxd2 24. Kxd2 Bh6+ 25. f4 Bxf4+ 26. Kd3 Be3 27. Rh1 Nf4+ 28. Ke4 Bc1 29. Kf3 Bxb2 30. Ne4 Bd4 31. g3 Ne6 32. Bd3 Nd8 33. h4 Nc6 34. g4 Ng7 35. h5 gxh5 36. gxh5 h6 37. Nd6 Ne6 38. Kg4 Nf4 39. Be4 Nb4 40. Rb1 Ne2 41. a3 Nc3 42. Rf1 Nxe4 43. Nxe4 Nc2 44. Rf7 Kg8 45. Rxb7 Nxa3 46. Kf5 Nxc4 47. Nf6+ Kf8 48. Ke6 1-0

[Event "Bucharest schev"]
[Site "Bucharest"]
[Date "1993.??.??"]
[Round "?"]
[White "Hristodorescu, Daniel"]
[Black "Urzica, Aurel"]
[Result "0-1"]
[WhiteElo "2335"]
[BlackElo "2370"]
[PlyCount "56"]
[EventDate "1993.??.??"]
[EventType "schev"]
[EventRounds "11"]
[EventCountry "ROU"]
[SourceTitle "EXT 1997"]
[Source "ChessBase"]
[SourceDate "1996.11.15"]
[SourceVersion "1"]
[SourceVersionDate "1996.11.15"]
[SourceQuality "1"]

1. e4 e6 2. d4 d5 3. Nd2 c5 4. Ngf3 cxd4 5. exd5 Qxd5 6. Bc4 Qd6 7. 0-0 Nf6 8. Nb3 Nc6 9. Nbxd4 Nxd4 10. Nxd4 Bd7 11. a4 a6 12. b3 0-0-0 13. Bb2 Qf4 14. g3 Qg4 15. Qe1 Qh5 16. Nb5 Ng4 17. h4 Bc5 18. Be2 Bc6 19. Qa5 Kb8 20. Bxg4 Qd5 21. Qc7+ Ka8 22. Qxd8+ Qxd8 23. Be5 f6 24. Rfd1 Qe7 25. Bd6 Bxd6 26. Rxd6 Kb8 27. Rxe6 Qc5 28. Nd6 Qd4 0-1

[Event "Bucharest schev"]
[Site "Bucharest"]
[Date "1993.??.??"]
[Round "?"]
[White "Kazakov, Mikhail"]
[Black "Urzica, Aurel"]
[Result "1-0"]
[WhiteElo "2265"]
[BlackElo "2370"]
[PlyCount "65"]
[EventDate "1993.??.??"]
[EventType "schev"]
[EventRounds "11"]
[EventCountry "ROU"]
[SourceTitle "EXT 1997"]
[Source "ChessBase"]
[SourceDate "1996.11.15"]
[SourceVersion "1"]
[SourceVersionDate "1996.11.15"]
[SourceQuality "1"]

1. Nf3 c5 2. g3 g6 3. Bg2 Bg7 4. d3 Nc6 5. 0-0 e6 6. e4 Nge7 7. Nbd2 0-0 8. c3 b6 9. Re1 Ba6 10. Nc4 d5 11. exd5 Nxd5 12. Bg5 Qc7 13. Qd2 Rfe8 14. a4 Bb7 15. h4 f6 16. Bh6 Rad8 17. h5 g5 18. Bxg7 Qxg7 19. Qe2 g4 20. Nh2 f5 21. a5 b5 22. Ne5 Nxe5 23. Qxe5 Qxe5 24. Rxe5 Ba6 25. Rae1 Kf7 26. f3 Nf6 27. fxg4 Rxd3 28. Bc6 Rc8 29. Rxe6 Rc7 30. Nf3 fxg4 31. Be8+ Kg7 32. h6+ Kxh6 33. Ne5 1-0

[Event "ROM-chT"]
[Site "Romania"]
[Date "1992.??.??"]
[Round "?"]
[White "Istratescu, Andrei"]
[Black "Urzica, Aurel"]
[Result "1-0"]
[WhiteElo "2430"]
[BlackElo "2370"]
[PlyCount "50"]
[EventDate "1992.??.??"]
[EventType "team"]
[EventRounds "9"]
[EventCountry "ROU"]
[SourceTitle "EXT 1997"]
[Source "ChessBase"]
[SourceDate "1996.11.15"]
[SourceVersion "1"]
[SourceVersionDate "1996.11.15"]
[SourceQuality "1"]

1. e4 e5 2. Nf3 Nc6 3. Nc3 Nf6 4. Bb5 Nd4 5. Ba4 Nxf3+ 6. Qxf3 Bc5 7. d3 0-0 8. 0-0 d6 9. h3 c6 10. Ne2 Ne8 11. Ng3 b5 12. Bb3 a5 13. c3 Be6 14. Be3 a4 15. Bc2 Bxe3 16. Qxe3 g6 17. f4 exf4 18. Rxf4 a3 19. b4 Qg5 20. d4 f6 21. h4 Qh6 22. Nf5 Bxf5 23. exf5 Ng7 24. Raf1 Rae8 25. Qc1 Nxf5 1-0

[Event "Balkaniad-11 Men"]
[Site "Bihac"]
[Date "1979.10.05"]
[Round "4.5"]
[White "Urzica, Aurel"]
[Black "Rajkovic, Dusan"]
[Result "0-1"]
[WhiteElo "2385"]
[BlackElo "2490"]
[PlyCount "116"]
[EventDate "1979.10.02"]
[EventType "team-tourn"]
[EventRounds "5"]
[EventCountry "YUG"]
[SourceTitle "EXT 2003"]
[Source "ChessBase"]
[SourceDate "2002.11.25"]
[SourceVersion "1"]
[SourceVersionDate "2002.11.25"]
[SourceQuality "1"]
[WhiteTeam "Romania"]
[BlackTeam "Yugoslavia"]
[WhiteTeamCountry "ROU"]
[BlackTeamCountry "YUG"]

1. e4 c5 2. Nf3 e6 3. d4 cxd4 4. Nxd4 a6 5. Nc3 Nc6 6. Be2 Nge7 7. Bf4 Ng6 8. Nxc6 bxc6 9. Bd6 Bxd6 10. Qxd6 Qe7 11. 0-0-0 Qxd6 12. Rxd6 Ke7 13. Rhd1 f6 14. Na4 Nf4 15. R6d2 g5 16. Bf1 Rd8 17. Nb6 Ra7 18. Nc4 a5 19. Nd6 Ng6 20. Rd3 Ba6 21. Rh3 Rh8 22. Bxa6 Rxa6 23. Rb3 Ra7 24. c4 a4 25. Re3 h5 26. Rd2 Rb8 27. c5 Ne5 28. f3 h4 29. Rd4 Nf7 30. Nxf7 Kxf7 31. Ra3 Rb5 32. Raxa4 Rxc5+ 33. Kd2 Rb7 34. Rdb4 Rc7 35. Rc4 Re5 36. b4 f5 37. Kd3 fxe4+ 38. Rxe4 Rf5 39. Ra8 h3 40. Rg4 Rb7 41. a3 Rbb5 42. Ke3 hxg2 43. Rxg2 Rbe5+ 44. Kf2 Rd5 45. Kg3 Rd3 46. Rf2 e5 47. Kg4 Rf4+ 48. Kxg5 Rdxf3 49. Rxf3 Rxf3 50. Kg4 e4 51. Ra5 Ke6 52. h4 d5 53. h5 Rf7 54. h6 Ke5 55. Kg3 Rh7 56. Ra6 Rxh6 57. b5 Rg6+ 58. Kh3 Kf4 0-1

[Event "Balkaniad-08 Men"]
[Site "Athens "]
[Date "1976.10.??"]
[Round "2"]
[White "Minic, Dragoljub"]
[Black "Urzica, Aurel"]
[Result "0-1"]
[WhiteElo "2430"]
[BlackElo "2335"]
[PlyCount "56"]
[EventDate "1976.10.09"]
[EventType "team-tourn"]
[EventRounds "9"]
[EventCountry "GRE"]
[SourceTitle "EXT 2010"]
[Source "ChessBase"]
[SourceDate "2010.11.25"]
[SourceVersion "1"]
[SourceVersionDate "2010.11.25"]
[SourceQuality "1"]
[WhiteTeam "Yugoslavia"]
[BlackTeam "Romania"]
[WhiteTeamCountry "YUG"]
[BlackTeamCountry "ROU"]

1. e4 c5 2. Nf3 Nc6 3. d4 cxd4 4. Nxd4 Nf6 5. Nc3 e5 6. Ndb5 d6 7. Bg5 a6 8. Bxf6 gxf6 9. Na3 f5 10. exf5 Bxf5 11. Bd3 Be6 12. Bc4 Bg7 13. Bxe6 fxe6 14. Ne4 d5 15. Qg4 Qe7 16. Ng5 Bf6 17. h4 h6 18. Nh3 0-0-0 19. g3 e4 20. c3 Rhg8 21. Qf4 Ne5 22. Kf1 Nd3 23. Qd2 Be5 24. Ke2 Qf8 25. Kd1 d4 26. c4 Nxb2+ 27. Qxb2 Qf3+ 28. Kd2 e3+ 0-1